000 00410nam a2200181Ia 4500
005 20240823060006.0
008 240823s9999||||xx |||||||||||||| ||und||
041 _aENGLISH
082 _A158.1 Q7
100 _aSugi Sivam
245 0 _aValthal Oru Kalai
250 _a1st
260 _c2017
_bKarpagam Publica
_aCoimbatore
500 _aYES
650 _aTamil
_bGeneral
942 _cBK
999 _c230084
_d230084